Responses for Show #9089 - Thursday, April 25, 2024

Amy Hummel game 2.

Contestants

[<< previous game]

Justin Brandt, an attorney originally from West Hills, California

Tyler Jarvis, a researcher and Ph.D. student originally from Portales, New Mexico

Amy Hummel, an ER doctor from Milwaukee, Wisconsin (whose 1-day cash winnings total $18,900)

[next game >>]

Jeopardy! Round responses

GORGES COUNTRIES
TOP 10 BABY NAMES
(Ken: The most popular in 2022, according to the Social Security Administration.)
ASSAULTS & BATTERIES
REALITY SHOW HOSTS
BRO-POURRI
"A.C."
    $200 28
(Amy: What is the U.K.?)
(Ken: Correct, oh, no, can you be more specific?)

England

Amy
    $200 19
Olivia

Tyler
    $200 30
amps

Tyler
    $200 20
The Bachelor

Justin
    $200 29
(Tyler: Bring it.)

a dictionary

Tyler
    $200 15
alternating current

Tyler
    $400 27
(Ken: Right, Three Gorges.)

China

Amy
    $400 16
Liam

Amy
    $400 22
[On screen only the "i" is presented in lower case.]

nickel & cadmium

Amy
    $400 26
Heidi Klum

Justin
    $400 18
(Justin: What is Hasbro?)
(Tyler: What's... Milton Bradley?)

the Parker Brothers

TylerJustin
Triple Stumper
    $400 14
a cappella

Tyler
    $600 23
Morocco

Amy
    $600 9
Noah

Amy
    $600 2
(Amy: What is House Chamber?)

the Senate Chamber

AmyJustin
    $600 11
Big Brother

Triple Stumper
    $600 17
Seven Brides for Seven Brothers

Amy
    $600 3
an Advent calendar

Amy
    $800 8
Switzerland

Triple Stumper
    $800 6
Ava

Tyler
    $800 1
transistor batteries

Amy
    $800 25
Ramsay

Tyler
    $1,800 12
(Ken: That's correct, Bailey of Barnum and Bailey fame.)

the Ringling brothers

Tyler
    $800 7
an aircraft carrier

Amy
    $1000 4
(Amy: What is... Spain?)

Tanzania

Amy
Triple Stumper
    $1000 10
Emma

Tyler
    $1000 5
the Charge of the Light Brigade

Amy
    $1000 24
Alan Cumming

Amy
    $1000 21
the Dalton brothers

Triple Stumper
    $1000 13
animal crackers

Tyler

Scores at the first commercial break (after clue 15):

Amy Tyler Justin
$2,200 $5,200 $600

Scores at the end of the Jeopardy! Round:

Amy Tyler Justin
$5,800 $6,200 $800

Double Jeopardy! Round responses

BELOW DECK: SAILING NOVEL
VOCABULARY
WORLD HOLIDAYS & OBSERVANCES
FRENCH HISTORY
LET'S ROCK & ROLL!
D.C.
    $400 26
[The end-of-round signal sounds.]

pregnant

Tyler
    $400 25
the Hundred Years' War

Amy
    $400 24
the Potomac

Amy
    $800 18
Life of Pi

Amy
    $800 12
smacks

Amy
    $800 15
paprika

Amy
    $2,000 19
Corsica

Amy
    $800 22
(Ken: Less than a minute, Amy.)

"Maybellene"

Triple Stumper
    $800 23
Ford's Theatre

Amy
    $1200 17
Jack London

Triple Stumper
    $1200 6
lightning

Amy
    $1200 9
Mussolini

Amy
    $1200 16
de Gaulle

Triple Stumper
    $1200 11
a riot grrrl

Triple Stumper
    $1200 1
Gallaudet

Justin
    $1600 10
The Caine Mutiny

Triple Stumper
    $1600 5
La Débâcle

Triple Stumper
    $1600 13
Burns

Amy
    $1600 7
Niger

Triple Stumper
    $1600 8
(Ken: Booker T. and [*].)

the M.G.'s

Triple Stumper
    $1600 2
Woodrow Wilson

Triple Stumper
    $2000 21
Master and Commander

Amy
    $3,000 4
(Amy: What is... a schema?)

a scenario

Amy
    $2000 14
Pentecost

Tyler
    $2000 20
the Jacobin Club

Amy
    $2000 3
the Folger Shakespeare Library

Amy

Scores at the end of the Double Jeopardy! Round:

Amy Tyler Justin
$18,800 $8,600 $2,000
(lock game)

[wagering suggestions for these scores]

Final Jeopardy! Round responses

STATUES
(Ken: [To Tyler] Didn't quite finish Little Rock.)
...
(Ken: You had to think of that big replica of the Parthenon in [*].)
JustinWhat is Juneau?
$0
TylerWhat is Little |
$4,599
AmyWhat is Bos Springfield?
$5
Nashville

Final scores:

Amy Tyler Justin
$18,795 $4,001 $2,000
2-day champion: $37,695 2nd place: $3,000 3rd place: $2,000

Game dynamics:

Coryat scores:

Amy Tyler Justin
$20,600 $7,600 $2,000
25 R
(including 1 DD),
3 W
(including 1 DD)
12 R
(including 1 DD),
1 W
4 R,
1 W

Combined Coryat: $30,200

[game clues] [game scores] [suggest correction]

Game tape date: 2024-03-14
The J! Archive is created by fans, for fans. Scraping, republication, monetization, and malicious use prohibited; this site may use cookies and collect identifying information. See terms. The Jeopardy! game show and all elements thereof, including but not limited to copyright and trademark thereto, are the property of Jeopardy Productions, Inc. and are protected under law. This website is not affiliated with, sponsored by, or operated by Jeopardy Productions, Inc. Join the discussion at JBoard.tv.